000 00325nam a22001337a 4500
008 170529b xxu||||| |||| 00| 0 eng d
020 _a1573310468
041 _aeng
080 _a62
100 _a27
101 _aIM
245 _aENGINEERING PLANTS FOR COMMERCIAL PRODUCTS AND APPLICATIONS
_cCOLLINS,G.B
942 _2udc
_cBK
999 _c14821
_d14821